| 000 | 00394nam a2200157Ia 4500 | ||
|---|---|---|---|
| 999 |
_c30345 _d30345 |
||
| 003 | OSt | ||
| 005 | 20250604123130.0 | ||
| 008 | 250310s9999||||xx |||||||||||||| ||und|| | ||
| 040 | _c. | ||
| 082 |
_a823.91 _bG7991 |
||
| 100 |
_95911 _aGreene, Graham |
||
| 245 | 0 |
_aOur man in havana / _cGraham Greene |
|
| 260 |
_aLondon : _bThe reprint society ltd, _c1960. |
||
| 300 | _a223 p. | ||
| 942 |
_cBK _2ddc |
||